Vypovídací schopnost ukazatelů a indexů a lidské vnímání
Ukazovatele a indexy ako nástroje hodnotenia a posudzovania pri rozhodovaní o spôsobilosti zvoleného procesu, či vyhovuje alebo nevyhovuje špecifikovaným požiadavkám. Vzťah odborníkov k týmto nástrojom a ich používanie. Deformácie vyvolané metódami a nástrojmi. Špecifické metódy hodnotenia kvality....
Enregistré dans:
| Auteur principal: | |
|---|---|
| Format: | Chapitre de livre |
| Langue: | tchèque |
| Sujets: | |
| Tags: |
Pas de tags, Soyez le premier à ajouter un tag!
|
MARC
| LEADER | 00000naa a2200000 4500 | ||
|---|---|---|---|
| 001 | r041827 | ||
| 005 | 20230524135031.5 | ||
| 041 | 0 | |a cze | |
| 044 | |a CZ | ||
| 245 | 1 | 0 | |a Vypovídací schopnost ukazatelů a indexů a lidské vnímání |c Zdeněk Janeček |
| 520 | |a Ukazovatele a indexy ako nástroje hodnotenia a posudzovania pri rozhodovaní o spôsobilosti zvoleného procesu, či vyhovuje alebo nevyhovuje špecifikovaným požiadavkám. Vzťah odborníkov k týmto nástrojom a ich používanie. Deformácie vyvolané metódami a nástrojmi. Špecifické metódy hodnotenia kvality. Výklady pojmov ukazovatele a indexy. Subjektívne vnímanie. Súvislosť s kvalitou. | ||
| 610 | 2 | 0 | |a ukazovatele |
| 610 | 2 | 0 | |a indexy |
| 610 | 2 | 0 | |a kvalita |
| 610 | 2 | 0 | |a pojmy |
| 610 | 2 | 0 | |a informácie |
| 610 | 2 | 0 | |a činiteľ ľudský |
| 610 | 2 | 0 | |a metódy štatistické |
| 610 | 2 | 0 | |a metódy optimalizačné |
| 100 | 1 | |a Janeček, Zdeněk | |